000 02869nam a2200421 a 4500
001 ebr10209144
003 CaPaEBR
006 m u
007 cr cn|||||||||
008 070116s2007 enka sb 001 0 eng
010 _z 2007001509
015 _aGBA720594
_2bnb
016 7 _z013694460
_2Uk
020 _z0754648885 (alk. paper)
020 _z9780754648888 (alk. paper)
040 _aCaPaEBR
_cCaPaEBR
035 _a(OCoLC)317744530
050 1 4 _aBP52.5
_b.G46 2007eb
082 0 4 _a305.6/97
_222
245 0 0 _aGeographies of Muslim identities
_h[electronic resource] :
_bdiaspora, gender and belonging /
_cedited by Cara Aitchison, Peter Hopkins and Mei-Po Kwan.
260 _aAldershot, England ;
_aBurlington, VT :
_bAshgate,
_c2007.
300 _ax, 208 p. :
_bill.
490 1 _aRe-materialising cultural geography
504 _aIncludes bibliographical references and index.
505 0 _aCh. 1. Introduction : geographies of Muslim identities / Peter E. Hopkins, Mei-Po Kwan and Cara Carmichael Aitchison -- Ch. 2. Beyond the mosque : Turkish immigrants and the practice and politics of islam in Duisburg-Marxloh, Germany / Patricia Ehrkamp -- Ch. 3. Visible minorities : constructing and deconstructing the 'Muslim Iranian' diaspora / Cameron McAuliffe -- Ch. 4. The other within the same : some aspects of Scottish-Pakistani identity in suburban Glasgow / Sadiq Mir -- Ch. 5. Migration and the construction of Muslim women's identity in Northern Ireland / Gabriele Marranci -- Ch. 6. Reconstructing 'Muslimness' : new bodies in urban Indonesia / Sonja van Wichelen -- Ch. 7. Safe and risky spaces : gender, ethnicity and culture in the leisure lives of young South Asian women / Eileen Green and Carrie Singleton -- Ch. 8. Daughters of Islam, sisters in sport / Tess Kay -- Ch. 9. Cultural Muslims : the evolution of Muslim identity in Soviet and post-Soviet Central Asia / William C. Rowe -- Ch. 10. Islam and national development : a cross-cultural comparison of the role of religion in the process of economic development and cultural change / Samuel Zalanga -- Ch. 11. Young Muslim men's experiences of local landscapes after 11 September 2001 -- Peter E. Hopkins.
533 _aElectronic reproduction.
_bPalo Alto, Calif. :
_cebrary,
_d2013.
_nAvailable via World Wide Web.
_nAccess may be limited to ebrary affiliated libraries.
650 0 _aMuslims
_zNon-Muslim countries.
650 0 _aEthnicity.
650 0 _aIslamophobia.
650 0 _aWomen in Islam.
655 7 _aElectronic books.
_2local
700 1 _aAitchison, Cara.
700 1 _aHopkins, Peter
_q(Peter E.)
700 1 _aKwan, Mei-po.
710 2 _aebrary, Inc.
830 0 _aRe-materialising cultural geography.
856 4 0 _uhttp://site.ebrary.com/lib/rucke/Doc?id=10209144
_zAn electronic book accessible through the World Wide Web; click to view
999 _c123676
_d123676